UM Logo

Toward a community broader than the kin/ (Record no. 13032)

MARC details
000 -LEADER
fixed length control field 00700nam a22001937a 4500
008 - FIXED-LENGTH DATA ELEMENTS--GENERAL INFORMATION
fixed length control field 190207b ||||| |||| 00| 0 eng d
020 ## - INTERNATIONAL STANDARD BOOK NUMBER
International Standard Book Number 971-550-479-5
082 ## - DEWEY DECIMAL CLASSIFICATION NUMBER
Edition number 2005
Classification number DFil 808.84
Item number Z6a
100 ## - MAIN ENTRY--PERSONAL NAME
Personal name Zialcita, Fernando Nakpil.
9 (RLIN) 8099
245 ## - TITLE STATEMENT
Title Toward a community broader than the kin/
Statement of responsibility, etc. Fernando Nakpil Zialcita.
260 ## - PUBLICATION, DISTRIBUTION, ETC. (IMPRINT)
Place of publication, distribution, etc. Quezon City:
Name of publisher, distributor, etc. Ateneo de Manila University Press,
Date of publication, distribution, etc. ©2005
300 ## - PHYSICAL DESCRIPTION
Extent Page 37-80;
Dimensions 23 cm.
500 ## - GENERAL NOTE
General note Includes bibliographical references and index.
650 ## - SUBJECT ADDED ENTRY--TOPICAL TERM
Topical term or geographic name as entry element Collection of essays (Filipino).
9 (RLIN) 8100
650 ## - SUBJECT ADDED ENTRY--TOPICAL TERM
Topical term or geographic name as entry element Essays (Philippines).
9 (RLIN) 8101
650 ## - SUBJECT ADDED ENTRY--TOPICAL TERM
Topical term or geographic name as entry element Essays
General subdivision Collections
9 (RLIN) 8102
650 ## - SUBJECT ADDED ENTRY--TOPICAL TERM
Topical term or geographic name as entry element Group identity
Geographic subdivision Philippines.
9 (RLIN) 8103
942 ## - ADDED ENTRY ELEMENTS (KOHA)
Source of classification or shelving scheme Dewey Decimal Classification
Koha item type Filipiniana

No items available.